La mort et le diable (Record no. 68703)

MARC details
000 -LEADER
campo de control de longitud fija 01056nam a2200277 i 4500
001 - NÚMERO DE CONTROL
campo de control 68703
003 - IDENTIFICADOR DE NÚMERO DE CONTROL
campo de control ES-MaACL
005 - FECHA Y HORA DE LA ÚLTIMA TRANSACCIÓN
campo de control 20250804052220.0
007 - CAMPO FIJO DE DESCRIPCIÓN FÍSICA--INFORMACIÓN GENERAL
campo de control de longitud fija t|
008 - DATOS DE LONGITUD FIJA--INFORMACIÓN GENERAL
campo de control de longitud fija 960826s1880 fr ||||1| fre d
040 ## - FUENTE DE CATALOGACIÓN
Centro catalogador/agencia de origen CAM
Lengua de catalogación spa
Centro/agencia transcriptor CAM
100 1# - ENTRADA PRINCIPAL--NOMBRE DE PERSONA
Nombre de persona Gener, Pompeyo.
9 (RLIN) 56297
245 13 - MENCIÓN DEL TÍTULO
Título La mort et le diable
Resto del título : histoire et philosophie des deux négations suprêmes /
Mención de responsabilidad, etc. par Pompeyo Gener; précédé d'une lettre a l'auteur de E. Littré.
260 ## - PUBLICACIÓN, DISTRIBUCIÓN, ETC.
Lugar de publicación, distribución, etc. Paris :
Nombre del editor, distribuidor, etc. C. Reinwald libraire-éditeur,
Fecha de publicación, distribución, etc. 1880 (
Fabricante typographie A. Hennuyer)
300 ## - DESCRIPCIÓN FÍSICA
Extensión LX, 780 p. ;
Dimensiones 23 cm.
530 ## - NOTA DISPONIBLE DE FORMULARIO FÍSICO ADICIONAL
Nota de formato físico adicional disponible Disponible en formato digital.
594 ## - Nota al título y mención de responsabilidad
Nota al título y mención de responsabilidad Precede al título: Contribution à l'étude de l'evolution des idées.
650 #7 - PUNTO DE ACCESO ADICIONAL DE MATERIA--TÉRMINO DE MATERIA
Término de materia o nombre geográfico como elemento de entrada Muerte
Fuente del encabezamiento o término embne
9 (RLIN) 15241
650 04 - PUNTO DE ACCESO ADICIONAL DE MATERIA--TÉRMINO DE MATERIA
Término de materia o nombre geográfico como elemento de entrada Escatología.
9 (RLIN) 12349
650 #4 - PUNTO DE ACCESO ADICIONAL DE MATERIA--TÉRMINO DE MATERIA
Término de materia o nombre geográfico como elemento de entrada Demonio.
9 (RLIN) 11587
650 04 - PUNTO DE ACCESO ADICIONAL DE MATERIA--TÉRMINO DE MATERIA
Término de materia o nombre geográfico como elemento de entrada Mal.
9 (RLIN) 14740
700 1# - ENTRADA AGREGADA--NOMBRE PERSONAL
Nombre de persona Littré, Émile,
Fechas asociadas al nombre 1801-1881
9 (RLIN) 128979
852 ## - LOCALIZACIÓN
Ubicación ES-MaACL
Número de control de estantería G-10658
856 ## - LOCALIZACIÓN Y ACCESO ELECTRÓNICOS
Identificador Uniforme de Recursos <a href="http://bdh-rd.bne.es/viewer.vm?id=0000146007&page=1 ">http://bdh-rd.bne.es/viewer.vm?id=0000146007&page=1 </a>
Nota pública Biblioteca Digital Hispánica
Holdings
Estatus retirado Estado de pérdida Estado de daño No para préstamo Colección Biblioteca de origen Biblioteca actual Ubicación en estantería Fecha de adquisición Fuente de adquisición Total de préstamos Signatura topográfica completa Código de barras Visto por última vez Precio de reemplazo Tipo de ítem Koha
        Colección digital Biblioteca del Ateneo de Madrid Biblioteca del Ateneo de Madrid Sala Pecera Planta 3 17/01/2008     G-10658 1071931 23/02/2023 23/02/2023 Libro impreso antiguo